Alle Pokémon (#0001 bis #1025) - Deutsch - Statistiken

Allgemein
  • Dieses Quiz wurde 1.178 mal gespielt
    450 seit der letzten Aktualisierung
  • Das Durchschnittsergebnis liegt bei 343 aus 1025
Antwortstatistiken
No. Art Pokémon % Korrekt
#0001 Pflanze Gift Bisasam
98%
#0003 Pflanze Gift Bisaflor
97%
#0004 Feuer Glumanda
97%
#0006 Feuer Flug Glurak
97%
#0002 Pflanze Gift Bisaknosp
96%
#0005 Feuer Glutexo
96%
#0007 Wasser Schiggy
96%
#0009 Wasser Turtok
95%
#0008 Wasser Schillok
94%
#0025 Elektro Pikachu
89%
#0010 Käfer Raupy
89%
#0026 Elektro Raichu
87%
#0012 Käfer Flug Smettbo
86%
#0018 Normal Flug Tauboss
86%
#0016 Normal Flug Taubsi
86%
#0013 Käfer Gift Hornliu
84%
#0017 Normal Flug Tauboga
84%
#0015 Käfer Gift Bibor
82%
#0135 Elektro Blitza
81%
#0133 Normal Evoli
81%
#0094 Geist Gift Gengar
81%
#0011 Käfer Safcon
81%
#0136 Feuer Flamara
80%
#0014 Käfer Gift Kokuna
80%
#0134 Wasser Aquana
79%
#0074 Gestein Boden Kleinstein
79%
#0146 Feuer Flug Lavados
79%
#0151 Psycho Mew
79%
#0092 Geist Gift Nebulak
79%
#0144 Eis Flug Arktos
78%
#0021 Normal Flug Habitak
78%
#0022 Normal Flug Ibitak
78%
#0063 Psycho Abra
77%
#0024 Gift Arbok
77%
#0149 Drache Flug Dragoran
77%
#0145 Elektro Flug Zapdos
77%
#0130 Wasser Flug Garados
76%
#0019 Normal Rattfratz
76%
#0020 Normal Rattikarl
76%
#0023 Gift Rettan
76%
#0065 Psycho Simsala
76%
#0147 Drache Dratini
75%
#0064 Psycho Kadabra
75%
#0129 Wasser Karpador
75%
#0095 Gestein Boden Onix
75%
#0093 Geist Gift Alpollo
74%
#0059 Feuer Arkani
73%
#0148 Drache Dragonir
73%
#0150 Psycho Mewtu
73%
#0034 Gift Boden Nidoking
73%
#0031 Gift Boden Nidoqueen
73%
#0029 | #0032 Gift Nidoran
73%
#0039 Normal Fee Pummeluff
73%
#0075 Gestein Boden Georok
72%
#0076 Gestein Boden Geowaz
72%
#0042 Gift Flug Golbat
72%
#0040 Normal Fee Knuddeluff
72%
#0030 Gift Nidorina
72%
#0036 Fee Pixi
72%
#0041 Gift Flug Zubat
72%
#0058 Feuer Fukano
71%
#0052 Normal Mauzi
71%
#0033 Gift Nidorino
71%
#0027 Boden Sandan
71%
#0050 Boden Digda
70%
#0051 Boden Digdri
70%
#0044 Pflanze Gift Duflor
70%
#0131 Wasser Eis Lapras
70%
#0066 Kampf Machollo
70%
#0068 Kampf Machomei
70%
#0035 Fee Piepi
70%
#0143 Normal Relaxo
70%
#0028 Boden Sandamer
70%
#0109 Gift Smogon
70%
#0037 Feuer Vulpix
70%
#0125 Elektro Elektek
69%
#0045 Pflanze Gift Giflor
69%
#0106 Kampf Kicklee
69%
#0043 Pflanze Gift Myrapla
69%
#0197 Unlicht Nachtara
69%
#0038 Feuer Vulnona
69%
#0054 Wasser Enton
68%
#0069 Pflanze Gift Knofensa
68%
#0082 Elektro Stahl Magneton
68%
#0172 Elektro Pichu
68%
#0110 Gift Smogmog
68%
#0081 Elektro Stahl Magnetilo
67%
#0107 Kampf Nockchan
67%
#0062 Wasser Kampf Quappo
67%
#0123 Käfer Flug Sichlor
67%
#0103 Pflanze Psycho Kokowei
66%
#0126 Feuer Magmar
66%
#0077 Feuer Ponita
66%
#0111 Boden Gestein Rihorn
66%
#0067 Kampf Maschock
65%
#0102 Pflanze Psycho Owei
65%
#0121 Wasser Psycho Starmie
65%
#0120 Wasser Sterndu
65%
#0128 Normal Tauros
65%
#0055 Wasser Entoron
64%
#0078 Feuer Gallopa
64%
#0097 Psycho Hypno
64%
#0060 Wasser Quapsel
64%
#0061 Wasser Quaputzi
64%
#0073 Wasser Gift Tentoxa
64%
#0096 Psycho Traumato
64%
#0142 Gestein Flug Aerodactyl
63%
#0049 Käfer Gift Omot
63%
#0127 Käfer Pinsir
63%
#0088 Gift Sleima
63%
#0053 Normal Snobilikat
63%
#0072 Wasser Gift Tentacha
63%
#0048 Käfer Gift Bluzuk
62%
#0087 Wasser Eis Jugong
62%
#0140 Gestein Wasser Kabuto
62%
#0249 Psycho Flug Lugia
62%
#0124 Eis Psycho Rossana
62%
#0071 Pflanze Gift Sarzenia
62%
#0089 Gift Sleimok
62%
#0208 Stahl Boden Stahlos
62%
#0152 Pflanze Endivie
61%
#0118 Wasser Goldini
61%
#0169 Gift Flug Iksbat
61%
#0141 Gestein Wasser Kabutops
61%
#0122 Psycho Fee Pantimos
61%
#0196 Psycho Psiana
61%
#0070 Pflanze Gift Ultrigaria
61%
#0100 Elektro Voltobal
61%
#0119 Wasser Golking
60%
#0250 Feuer Flug Ho-Oh
60%
#0086 Wasser Jurob
60%
#0158 Wasser Karnimani
60%
#0101 Elektro Lektrobal
60%
#0056 Kampf Menki
60%
#0113 Normal Chaneira
59%
#0085 Normal Flug Dodri
59%
#0155 Feuer Feurigel
59%
#0079 Wasser Psycho Flegmon
59%
#0173 Fee Pii
59%
#0112 Boden Gestein Rizeros
59%
#0084 Normal Flug Dodu
58%
#0239 Elektro Elekid
58%
#0057 Kampf Rasaff
58%
#0244 Feuer Entei
57%
#0115 Normal Kangama
57%
#0105 Boden Knogga
57%
#0046 Käfer Pflanze Paras
57%
#0114 Pflanze Tangela
57%
#0104 Boden Tragosso
57%
#0255 Feuer Flemmli
56%
#0080 Wasser Psycho Lahmus
56%
#0154 Pflanze Meganie
56%
#0047 Käfer Pflanze Parasek
56%
#0116 Wasser Seeper
56%
#0138 Gestein Wasser Amonitas
55%
#0132 Normal Ditto
55%
#0098 Wasser Krabby
55%
#0090 Wasser Muschas
55%
#0083 Normal Flug Porenta
55%
#0137 Normal Porygon
55%
#0117 Wasser Seemon
55%
#0139 Gestein Wasser Amoroso
54%
#0091 Wasser Eis Austos
54%
#0483 Stahl Drache Dialga
54%
#0470 Pflanze Folipurba
54%
#0471 Eis Glaziola
54%
#0153 Pflanze Lorblatt
54%
#0212 Käfer Stahl Scherox
54%
#0157 Feuer Tornupto
54%
#0248 Gestein Unlicht Despotar
53%
#0160 Wasser Impergator
53%
#0099 Wasser Kingler
53%
#0240 Feuer Magby
53%
#0484 Wasser Drache Palkia
53%
#0108 Normal Schlurp
53%
#0383 Boden Groudon
52%
#0243 Elektro Raikou
52%
#0384 Drache Flug Rayquaza
52%
#0245 Wasser Suicune
52%
#0251 Psycho Pflanze Celebi
51%
#0254 Pflanze Gewaldro
51%
#0229 Unlicht Feuer Hundemon
51%
#0258 Wasser Hydropi
51%
#0156 Feuer Igelavar
51%
#0382 Wasser Kyogre
51%
#0390 Feuer Panflam
51%
#0252 Pflanze Geckarbor
50%
#0228 Unlicht Feuer Hunduster
50%
#0393 Wasser Plinfa
50%
#0202 Psycho Woingenau
50%
#0700 Fee Feelinara
49%
#0163 Normal Flug Hoothoot
49%
#0170 Wasser Elektro Lampi
49%
#0246 Gestein Boden Larvitar
49%
#0462 Elektro Stahl Magnezone
49%
#0247 Gestein Boden Pupitar
49%
#0280 Psycho Fee Trasla
49%
#0493 Normal Arceus
48%
#0174 Normal Fee Fluffeluff
48%
#0282 Psycho Fee Guardevoir
48%
#0257 Feuer Kampf Lohgock
48%
#0446 Normal Mampfaxo
48%
#0253 Pflanze Reptain
48%
#0230 Wasser Drache Seedraking
48%
#0260 Wasser Boden Sumpex
48%
#0373 Drache Flug Brutalanda
47%
#0466 Elektro Elevoltek
47%
#0171 Wasser Elektro Lanturn
47%
#0381 Drache Psycho Latios
47%
#0377 Gestein Regirock
47%
#0179 Elektro Voltilamm
47%
#0181 Elektro Ampharos
46%
#0256 Feuer Kampf Jungglut
46%
#0380 Drache Psycho Latias
46%
#0227 Stahl Flug Panzaeron
46%
#0378 Eis Regice
46%
#0215 Unlicht Eis Sniebel
46%
#0175 Fee Togepi
46%
#0278 Wasser Flug Wingull
46%
#0487 Geist Drache Giratina
45%
#0281 Psycho Fee Kirlia
45%
#0199 Wasser Psycho Laschoking
45%
#0376 Stahl Psycho Metagross
45%
#0241 Normal Miltank
45%
#0164 Normal Flug Noctuh
45%
#0392 Feuer Kampf Panferno
45%
#0236 Kampf Rabauz
45%
#0276 Normal Flug Schwalbini
45%
#0277 Normal Flug Schwalboss
45%
#0387 Pflanze Chelast
44%
#0237 Kampf Kapoera
44%
#0198 Unlicht Flug Kramurx
44%
#0448 Kampf Stahl Lucario
44%
#0467 Feuer Magbrant
44%
#0185 Gestein Mogelbaum
44%
#0279 Wasser Flug Pelipper
44%
#0311 Elektro Plusle
44%
#0233 Normal Porygon2
44%
#0379 Stahl Registeel
44%
#0159 Wasser Tyracroc
44%
#0180 Elektro Waaty
44%
#0242 Normal Heiteira
43%
#0183 Wasser Fee Marill
43%
#0312 Elektro Minun
43%
#0479 Elektro Geist Rotom
43%
#0214 Käfer Kampf Skaraborn
43%
#0304 Stahl Gestein Stollunior
43%
#0176 Fee Flug Togetic
43%
#0321 Wasser Wailord
43%
#0161 Normal Wiesor
43%
#0722 Pflanze Flug Bauz
42%
#0187 Pflanze Flug Hoppspross
42%
#0221 Eis Boden Keifel
42%
#0445 Drache Boden Knakrack
42%
#0259 Wasser Boden Moorabbel
42%
#0501 Wasser Ottaro
42%
#0391 Feuer Kampf Panpyro
42%
#0474 Normal Porygon-Z
42%
#0464 Boden Gestein Rihornior
42%
#0447 Kampf Riolu
42%
#0468 Fee Flug Togekiss
42%
#0320 Wasser Wailmer
42%
#0265 Käfer Waumpel
42%
#0162 Normal Wiesenior
42%
#0168 Käfer Gift Ariados
41%
#0184 Wasser Fee Azumarill
41%
#0182 Pflanze Blubella
41%
#0395 Wasser Stahl Impoleon
41%
#0330 Boden Drache Libelldra
41%
#0270 Wasser Pflanze Loturzel
41%
#0375 Stahl Psycho Metang
41%
#0269 Käfer Gift Pudox
41%
#0486 Normal Regigigas
41%
#0643 Drache Feuer Reshiram
41%
#0218 Feuer Schneckmag
41%
#0361 Eis Schneppke
41%
#0495 Pflanze Serpifeu
41%
#0319 Wasser Unlicht Tohaido
41%
#0167 Käfer Gift Webarak
41%
#0644 Drache Elektro Zekrom
41%
#0349 Wasser Barschwa
40%
#0491 Unlicht Darkrai
40%
#0498 Feuer Floink
40%
#0303 Stahl Fee Flunkifer
40%
#0475 Psycho Kampf Galagladi
40%
#0203 Normal Psycho Girafarig
40%
#0371 Drache Kindwurm
40%
#0238 Eis Psycho Kussilla
40%
#0165 Käfer Flug Ledyba
40%
#0186 Wasser Quaxo
40%
#0220 Eis Boden Quiekel
40%
#0315 Pflanze Gift Roselia
40%
#0273 Pflanze Samurzel
40%
#0192 Pflanze Sonnflora
40%
#0191 Pflanze Sonnkern
40%
#0306 Stahl Gestein Stolloss
40%
#0217 Normal Ursaring
40%
#0302 Unlicht Geist Zobiris
40%
#0287 Normal Bummelz
39%
#0372 Drache Draschel
39%
#0194 Wasser Boden Felino
39%
#0261 Unlicht Fiffyen
39%
#0166 Käfer Flug Ledian
39%
#0405 Elektro Luxtra
39%
#0439 Psycho Fee Pantimimi
39%
#0267 Käfer Flug Papinella
39%
#0231 Boden Phanpy
39%
#0461 Unlicht Eis Snibunna
39%
#0338 Gestein Psycho Sonnfel
39%
#0333 Normal Flug Wablu
39%
#0178 Psycho Flug Xatu
39%
#0263 Normal Zigzachs
39%
#0355 Geist Zwirrlicht
39%
#0359 Unlicht Absol
38%
#0334 Drache Flug Altaria
38%
#0399 Normal Bidiza
38%
#0322 Feuer Boden Camaub
38%
#0386 Psycho Deoxys
38%
#0232 Boden Donphan
38%
#0264 Normal Geradaks
38%
#0210 Fee Granbull
38%
#0360 Psycho Isso
38%
#0328 Boden Knacklion
38%
#0406 Pflanze Gift Knospi
38%
#0308 Kampf Psycho Meditalis
38%
#0307 Kampf Psycho Meditie
38%
#0177 Psycho Flug Natu
38%
#0460 Pflanze Eis Rexblisar
38%
#0407 Pflanze Gift Roserade
38%
#0207 Boden Flug Skorgla
38%
#0209 Fee Snubbull
38%
#0396 Normal Flug Staralili
38%
#0398 Normal Flug Staraptor
38%
#0305 Stahl Gestein Stollrak
38%
#0374 Stahl Psycho Tanhel
38%
#0216 Normal Teddiursa
38%
#0357 Pflanze Flug Tropius
38%
#0310 Elektro Voltenso
38%
#0356 Geist Zwirrklop
38%
#0225 Eis Flug Botogel
37%
#0323 Feuer Boden Camerupt
37%
#0206 Normal Dummisel
37%
#0293 Normal Flurmel
37%
#0190 Normal Griffel
37%
#0201 Psycho Icognito
37%
#0272 Wasser Pflanze Kappalores
37%
#0443 Drache Boden Kaumalat
37%
#0444 Drache Boden Knarksel
37%
#0295 Normal Krawumms
37%
#0289 Normal Letarking
37%
#0271 Wasser Pflanze Lombrero
37%
#0219 Feuer Gestein Magcargo
37%
#0226 Wasser Flug Mantax
37%
#0350 Wasser Milotic
37%
#0291 Käfer Flug Ninjask
37%
#0224 Wasser Octillery
37%
#0189 Pflanze Flug Papungha
37%
#0394 Wasser Pliprin
37%
#0480 Psycho Selfe
37%
#0497 Pflanze Serpiroyal
37%
#0397 Normal Flug Staravia
37%
#0465 Pflanze Tangoloss
37%
#0275 Pflanze Unlicht Tengulist
37%
#0200 Geist Traunfugil
37%
#0329 Boden Drache Vibrava
37%
#0494 Psycho Feuer Victini
37%
#0400 Normal Wasser Bidifas
36%
#0274 Pflanze Unlicht Blanas
36%
#0309 Elektro Frizelbliz
36%
#0485 Feuer Stahl Heatran
36%
#0188 Pflanze Flug Hubelupf
36%
#0607 Geist Feuer Lichtel
36%
#0337 Gestein Psycho Lunastein
36%
#0404 Elektro Luxio
36%
#0262 Unlicht Magnayen
36%
#0296 Kampf Makuhita
36%
#0473 Eis Boden Mamutel
36%
#0195 Wasser Boden Morlord
36%
#0299 Gestein Nasgnet
36%
#0292 Käfer Geist Ninjatom
36%
#0223 Wasser Remoraid
36%
#0266 Käfer Schaloko
36%
#0363 Eis Wasser Seemops
36%
#0791 Psycho Stahl Solgaleo
36%
#0204 Käfer Tannza
36%
#0481 Psycho Vesprit
36%
#0193 Käfer Flug Yanma
36%
#0389 Pflanze Boden Chelterrar
35%
#0362 Eis Firnontor
35%
#0205 Käfer Stahl Forstellka
35%
#0297 Kampf Hariyama
35%
#0385 Stahl Psycho Jirachi
35%
#0318 Wasser Unlicht Kanivanha
35%
#0286 Pflanze Kampf Kapilz
35%
#0285 Pflanze Knilz
35%
#0430 Unlicht Flug Kramshef
35%
#0370 Wasser Liebiskus
35%
#0366 Wasser Perlu
35%
#0324 Feuer Qurtel
35%
#0339 Wasser Boden Schmerbe
35%
#0403 Elektro Sheinux
35%
#0353 Geist Shuppet
35%
#0325 Psycho Spoink
35%
#0482 Psycho Tobutz
35%
#0716 Fee Xerneas
35%
#0477 Geist Zwirrfinst
35%
#0354 Geist Banette
34%
#0388 Pflanze Chelcarain
34%
#0478 Eis Geist Frosdedje
34%
#0656 Wasser Froxy
34%
#0352 Normal Kecleon
34%
#0792 Psycho Geist Lunala
34%
#0288 Normal Muntier
34%
#0290 Käfer Boden Nincada
34%
#0268 Käfer Panekon
34%
#0459 Pflanze Eis Shnebedeck
34%
#0365 Eis Wasser Walraisa
34%
#0340 Wasser Boden Welsar
34%
#0440 Normal Wonneira
34%
#0469 Käfer Flug Yanmega
34%
#0717 Unlicht Flug Yveltal
34%
#0503 Wasser Admurai
33%
#0298 Normal Fee Azurill
33%
#0418 Wasser Bamelin
33%
#0222 Wasser Gestein Corasonn
33%
#0488 Psycho Cresselia
33%
#0425 Geist Flug Driftlon
33%
#0235 Normal Farbeagle
33%
#0725 Feuer Flamiau
33%
#0283 Käfer Wasser Gehweiher
33%
#0294 Normal Krakeelo
33%
#0646 Drache Eis Kyurem
33%
#0358 Psycho Palimpalim
33%
#0463 Normal Schlurplek
33%
#0364 Eis Wasser Seejong
33%
#0492 Pflanze Shaymin
33%
#0429 Geist Traunmagil
33%
#0346 Gestein Pflanze Wielie
33%
#0419 Wasser Bojelin
32%
#0412 Käfer Burmy
32%
#0587 Elektro Flug Emolga
32%
#0300 Normal Eneco
32%
#0500 Feuer Kampf Flambirex
32%
#0813 Feuer Hopplo
32%
#0345 Gestein Pflanze Liliep
32%
#0490 Wasser Manaphy
32%
#0458 Wasser Flug Mantirps
32%
#0284 Käfer Flug Maskeregen
32%
#0438 Gestein Mobai
32%
#0417 Elektro Pachirisu
32%
#0213 Käfer Gestein Pottrott
32%
#0658 Wasser Unlicht Quajutsu
32%
#0313 Käfer Volbeat
32%
#0476 Gestein Stahl Voluminas
32%
#0506 Normal Yorkleff
32%
#0367 Wasser Aalabyss
31%
#0347 Gestein Käfer Anorith
31%
#0234 Normal Damhirplex
31%
#0453 Gift Kampf Glibunkel
31%
#0513 Feuer Grillmak
31%
#0433 Psycho Klingplim
31%
#0341 Wasser Krebscorps
31%
#0342 Wasser Unlicht Krebutack
31%
#0327 Normal Pandir
31%
#0343 Boden Psycho Puppance
31%
#0335 Normal Sengo
31%
#0472 Boden Flug Skorgro
31%
#0454 Gift Kampf Toxiquak
31%
#0331 Pflanze Tuska
31%
#0595 Käfer Elektro Wattzapf
31%
#0402 Käfer Zirpeise
31%
#0718 Drache Boden Zygarde
31%
#0424 Normal Ambidiffel
30%
#0508 Normal Bissbark
30%
#0436 Stahl Psycho Bronzel
30%
#0437 Stahl Psycho Bronzong
30%
#0413 Käfer Varies Burmadame
30%
#0519 Normal Flug Dusselgurr
30%
#0496 Pflanze Efoserp
30%
#0301 Normal Enekoro
30%
#0499 Feuer Kampf Ferkokel
30%
#0727 Feuer Unlicht Fuegro
30%
#0326 Psycho Groink
30%
#0539 Kampf Karadonis
30%
#0599 Stahl Klikk
30%
#0408 Gestein Koknodon
30%
#0442 Geist Unlicht Kryppuk
30%
#0865 Kampf Lauchzelot
30%
#0612 Drache Maxax
30%
#0332 Pflanze Unlicht Noktuska
30%
#0369 Wasser Gestein Relicanth
30%
#0317 Gift Schlukwech
30%
#0316 Gift Schluppuck
30%
#0507 Normal Terribark
30%
#0511 Pflanze Vegimak
30%
#0336 Gift Vipitis
30%
#0348 Gestein Käfer Armaldo
29%
#0211 Wasser Gift Baldorfish
29%
#0411 Gestein Stahl Bollterus
29%
#0641 Flug Boreos
29%
#0431 Normal Charmian
29%
#0661 Normal Flug Dartiri
29%
#0702 Elektro Fee Dedenne
29%
#0426 Geist Flug Drifzepeli
29%
#0653 Feuer Fynx
29%
#0449 Boden Hippopotas
29%
#0314 Käfer Illumise
29%
#0638 Stahl Kampf Kobalium
29%
#0368 Wasser Saganabyss
29%
#0410 Gestein Stahl Schilterus
29%
#0432 Normal Shnurgarst
29%
#0515 Wasser Sodamak
29%
#0639 Gestein Kampf Terrakium
29%
#0512 Pflanze Vegichita
29%
#0640 Pflanze Kampf Viridium
29%
#0642 Elektro Flug Voltolos
29%
#0523 Elektro Zebritz
29%
#0401 Käfer Zirpurze
29%
#0571 Unlicht Zoroark
29%
#0502 Wasser Zwottronin
29%
#0634 Unlicht Drache Duodino
28%
#0522 Elektro Elezeba
28%
#0663 Feuer Flug Fiaro
28%
#0456 Wasser Finneon
28%
#0351 Normal Formeo
28%
#0514 Feuer Grillchita
28%
#0427 Normal Haspiror
28%
#0785 Elektro Fee Kapu-Riki
28%
#0814 Feuer Kickerlo
28%
#0524 Gestein Kiesling
28%
#0344 Boden Psycho Lepumentas
28%
#0610 Drache Milza
28%
#0489 Wasser Phione
28%
#0728 Wasser Robball
28%
#0422 Wasser Schalellos
28%
#0516 Wasser Sodachita
28%
#0568 Gift Unratütox
28%
#0455 Pflanze Venuflibis
28%
#0415 Käfer Flug Wadribie
28%
#0570 Unlicht Zorua
28%
#0645 Boden Flug Demeteros
27%
#0569 Gift Deponitox
27%
#0563 Geist Echnatoll
27%
#0714 Flug Drache eF-eM
27%
#0521 Normal Flug Fasasnob
27%
#0509 Unlicht Felilou
27%
#0669 Fee Flabébé
27%
#0618 Boden Elektro Flunschlik
27%
#0423 Wasser Boden Gastrodon
27%
#0649 Käfer Stahl Genesect
27%
#0416 Käfer Flug Honweisel
27%
#0420 Pflanze Kikugi
27%
#0600 Stahl Kliklak
27%
#0815 Feuer Liberlo
27%
#0414 Käfer Flug Moterpel
27%
#0520 Normal Flug Navitaub
27%
#0674 Kampf Pam-Pam
27%
#0441 Normal Flug Plaudagei
27%
#0409 Gestein Rameidon
27%
#0544 Käfer Gift Rollum
27%
#0434 Gift Unlicht Skunkapuh
27%
#0543 Käfer Gift Toxiped
27%
#0635 Unlicht Drache Trikephalo
27%
#0888 Fee Zacian
27%
#0810 Pflanze Chimpep
26%
#0662 Feuer Flug Dartignis
26%
#0681 Stahl Geist Durengard
26%
#0670 Fee Floette
26%
#0551 Boden Unlicht Ganovil
26%
#0582 Eis Gelatini
26%
#0450 Boden Hippoterus
26%
#0786 Psycho Fee Kapu-Fala
26%
#0633 Unlicht Drache Kapuno
26%
#0787 Pflanze Fee Kapu-Toro
26%
#0647 Wasser Kampf Keldeo
26%
#0510 Unlicht Kleoparda
26%
#0601 Stahl Klikdiklak
26%
#0840 Pflanze Drache Knapfel
26%
#0457 Wasser Lumineon
26%
#0562 Geist Makabaja
26%
#0863 Stahl Mauzinger
26%
#0778 Geist Fee Mimigma
26%
#0452 Gift Unlicht Piondragi
26%
#0451 Gift Käfer Pionskora
26%
#0532 Kampf Praktibalk
26%
#0895 Drache Regidrago
26%
#0585 Normal Pflanze Sesokitz
26%
#0724 Pflanze Geist Silvarro
26%
#0609 Geist Feuer Skelabra
26%
#0435 Gift Unlicht Skuntank
26%
#0530 Boden Stahl Stalobor
26%
#0581 Wasser Flug Swaroness
26%
#0715 Flug Drache UHaFnir
26%
#0744 Gestein Wuffels
26%
#0657 Wasser Amphizel
25%
#0526 Gestein Brockoloss
25%
#0545 Käfer Gift Cerapendra
25%
#0555 Feuer Flampivian
25%
#0624 Unlicht Stahl Gladiantri
25%
#0622 Boden Geist Golbit
25%
#0623 Boden Geist Golgantes
25%
#0650 Pflanze Igamaro
25%
#0421 Pflanze Kinoso
25%
#0505 Normal Kukmarda
25%
#0534 Kampf Meistagrif
25%
#0504 Normal Nagelotz
25%
#0531 Normal Ohrdoch
25%
#0637 Käfer Feuer Ramoth
25%
#0428 Normal Schlapor
25%
#0960 Wasser Schligda
25%
#0961 Wasser Schligdri
25%
#0525 Gestein Sedimantur
25%
#0611 Drache Sharfax
25%
#0533 Kampf Strepoli
25%
#0596 Käfer Elektro Voltula
25%
#0889 Kampf Zamazenta
25%
#0550 Wasser Barschuft
24%
#0626 Normal Bisofank
24%
#0537 Wasser Boden Branawarz
24%
#0719 Gestein Fee Diancie
24%
#0566 Gestein Flug Flapteryx
24%
#0527 Psycho Flug Fleknoil
24%
#0591 Pflanze Gift Hutsassa
24%
#0636 Käfer Feuer Ignivor
24%
#0538 Kampf Jiutesto
24%
#0788 Wasser Fee Kapu-Kime
24%
#0608 Geist Feuer Laternecto
24%
#0667 Feuer Normal Leufeo
24%
#1008 Elektro Drache Miraidon
24%
#0580 Wasser Flug Piccolente
24%
#0664 Käfer Purmel
24%
#0668 Feuer Normal Pyroleo
24%
#0592 Wasser Geist Quabbel
24%
#0553 Boden Unlicht Rabigator
24%
#0701 Kampf Flug Resladero
24%
#0552 Boden Unlicht Rokkaiman
24%
#0529 Boden Rotomurf
24%
#0621 Drache Shardrago
24%
#0590 Pflanze Gift Tarnpignon
24%
#0777 Elektro Stahl Togedemaru
24%
#0831 Normal Wolly
24%
#0604 Elektro Zapplarang
24%
#0602 Elektro Zapplardin
24%
#0737 Käfer Elektro Akkup
23%
#0625 Unlicht Stahl Caesurio
23%
#0789 Psycho Cosmog
23%
#0549 Pflanze Dressella
23%
#0554 Feuer Flampion
23%
#0671 Fee Florges
23%
#0584 Eis Gelatwino
23%
#0679 Stahl Geist Gramokles
23%
#0560 Unlicht Kampf Irokex
23%
#0586 Normal Pflanze Kronjuwild
23%
#0619 Kampf Lin-Fu
23%
#0809 Stahl Melmetal
23%
#0648 Normal Psycho Meloetta
23%
#0808 Stahl Meltan
23%
#0816 Wasser Memmeon
23%
#0577 Psycho Monozyto
23%
#0894 Elektro Regieleki
23%
#0535 Wasser Schallquap
23%
#0614 Eis Siberio
23%
#0517 Psycho Somniam
23%
#0540 Käfer Pflanze Strawickl
23%
#0561 Psycho Flug Symvolara
23%
#0709 Geist Pflanze Trombork
23%
#0745 Gestein Wolwerock
23%
#0559 Unlicht Kampf Zurrokex
23%
#0567 Gestein Flug Aeropteryx
22%
#0712 Eis Arktip
22%
#0743 Käfer Fee Bandelby
22%
#0707 Stahl Fee Clavion
22%
#0841 Pflanze Drache Drapfel
22%
#0680 Stahl Geist Duokles
22%
#0979 Kampf Geist Epitaff
22%
#0906 Pflanze Felori
22%
#0655 Feuer Psycho Fennexis
22%
#0632 Käfer Stahl Fermicula
22%
#0528 Psycho Flug Fletiamo
22%
#0631 Feuer Furnifraß
22%
#0583 Eis Gelatroppo
22%
#0627 Normal Flug Geronimatz
22%
#0720 Psycho Geist Hoopa
22%
#0686 Unlicht Psycho Iscalar
22%
#0597 Pflanze Stahl Kastadur
22%
#0672 Pflanze Mähikel
22%
#0542 Käfer Pflanze Matrifol
22%
#0536 Wasser Boden Mebrana
22%
#0726 Feuer Miezunder
22%
#0757 Gift Feuer Molunk
22%
#0800 Psycho Necrozma
22%
#0675 Kampf Unlicht Pandagro
22%
#0613 Eis Petznief
22%
#0730 Wasser Fee Primarene
22%
#0677 Psycho Psiau
22%
#0654 Feuer Rutena
22%
#0616 Käfer Schnuthelm
22%
#0518 Psycho Somnivora
22%
#0776 Feuer Drache Tortunator
22%
#0772 Normal Typ:Null
22%
#0901 Boden Normal Ursaluna
22%
#0628 Normal Flug Washakwil
22%
#0620 Kampf Wie-Shu
22%
#0742 Käfer Fee Wommel
22%
#0603 Elektro Zapplalek
22%
#0579 Psycho Zytomega
22%
#0690 Gift Wasser Algitt
21%
#0758 Gift Feuer Amfira
21%
#0593 Wasser Geist Apoquallyp
21%
#0652 Pflanze Kampf Brigaron
21%
#0558 Käfer Gestein Castellith
21%
#0673 Pflanze Chevrumm
21%
#0811 Pflanze Chimstix
21%
#0676 Normal Coiffwaff
21%
#0541 Käfer Pflanze Folikon
21%
#0615 Eis Frigometri
21%
#0564 Wasser Gestein Galapaflos
21%
#0575 Psycho Hypnomorba
21%
#0710 Geist Pflanze Irrbis
21%
#1007 Kampf Drache Koraidon
21%
#0909 Feuer Krokel
21%
#0912 Wasser Kwaks
21%
#0746 Wasser Lusardin
21%
#0821 Flug Meikro
21%
#0574 Psycho Mollimorba
21%
#0750 Boden Pampross
21%
#0866 Eis Psycho Pantifrost
21%
#0703 Gestein Fee Rocara
21%
#0842 Pflanze Drache Schlapfel
21%
#0780 Normal Drache Sen-Long
21%
#0598 Pflanze Stahl Tentantel
21%
#0704 Drache Viscora
21%
#0666 Käfer Flug Vivillon
21%
#0546 Pflanze Fee Waumboll
21%
#0751 Wasser Käfer Araqua
20%
#0723 Pflanze Flug Arboretoss
20%
#0713 Eis Arktilas
20%
#0741 Varies Flug Choreogel
20%
#0982 Normal Dummimisel
20%
#0547 Pflanze Fee Elfun
20%
#0684 Fee Flauschling
20%
#0812 Pflanze Gortrom
20%
#0660 Normal Boden Grebbit
20%
#0818 Wasser Intelleon
20%
#0565 Wasser Gestein Karippas
20%
#0739 Kampf Krabbox
20%
#0588 Käfer Laukaps
20%
#0548 Pflanze Lilminip
20%
#0557 Käfer Gestein Lithomith
20%
#0736 Käfer Mabula
20%
#0734 Normal Mangunior
20%
#0606 Psycho Megalon
20%
#0578 Psycho Mitodos
20%
#0576 Psycho Morbitesse
20%
#0867 Boden Geist Oghnatoll
20%
#0749 Boden Pampuli
20%
#0682 Fee Parfi
20%
#0572 Normal Picochilla
20%
#0605 Psycho Pygraulon
20%
#0769 Geist Boden Sankabuh
20%
#0799 Unlicht Drache Schlingking
20%
#0691 Gift Drache Tandrak
20%
#0721 Feuer Wasser Volcanion
20%
#0835 Elektro Voldi
20%
#0699 Gestein Eis Amagarga
19%
#0900 Käfer Gestein Axantor
19%
#0696 Gestein Drache Balgoras
19%
#0862 Unlicht Normal Barrikadax
19%
#0836 Elektro Bellektro
19%
#0589 Käfer Stahl Cavalanzas
19%
#0790 Psycho Cosmovum
19%
#0890 Gift Drache Endynalos
19%
#0854 Geist Fatalitee
19%
#0915 Normal Ferkuli
19%
#0747 Gift Wasser Garstella
19%
#0617 Käfer Hydragil
19%
#0651 Pflanze Igastarnish
19%
#0760 Normal Kampf Kosturso
19%
#0740 Kampf Eis Krawell
19%
#0556 Pflanze Maracamba
19%
#0729 Wasser Marikeck
19%
#0781 Geist Pflanze Moruda
19%
#0921 Elektro Pamo
19%
#0708 Geist Pflanze Paragoni
19%
#0731 Normal Flug Peppeck
19%
#0711 Geist Pflanze Pumpdjinn
19%
#0819 Normal Raffel
19%
#0685 Fee Sabbaione
19%
#0820 Normal Schlaraffel
19%
#0659 Normal Scoppel
19%
#0629 Unlicht Flug Skallyk
19%
#0903 Gift Kampf Snieboss
19%
#0980 Gift Boden Suelord
19%
#0733 Normal Flug Tukanon
19%
#0705 Drache Viscargot
19%
#0706 Drache Viscogon
19%
#0698 Gestein Eis Amarino
18%
#0687 Unlicht Psycho Calamanero
18%
#0573 Normal Chillabell
18%
#0738 Käfer Elektro Donarion
18%
#0694 Elektro Normal Eguana
18%
#0992 Kampf Elektro Eisenhand
18%
#0695 Elektro Normal Elezard
18%
#0762 Pflanze Frubaila
18%
#0761 Pflanze Frubberl
18%
#0630 Unlicht Flug Grypheldis
18%
#0798 Pflanze Stahl Katagami
18%
#0887 Drache Geist Katapuldra
18%
#0827 Unlicht Kleptifux
18%
#0779 Wasser Psycho Knirfish
18%
#0765 Normal Psycho Kommandutan
18%
#0594 Wasser Mamolida
18%
#0697 Gestein Drache Monargoras
18%
#0877 Elektro Unlicht Morpeko
18%
#0805 Gestein Stahl Muramura
18%
#0683 Fee Parfinesse
18%
#0678 Psycho Psiaugon
18%
#0665 Käfer Puponcho
18%
#0767 Käfer Wasser Reißlaus
18%
#0692 Wasser Scampisto
18%
#0795 Käfer Kampf Schabelle
18%
#0768 Käfer Wasser Tectass
18%
#0732 Normal Flug Trompeck
18%
#0759 Normal Kampf Velursi
18%
#0838 Gestein Feuer Wagong
18%
#0693 Wasser Wummer
18%
#0832 Normal Zwollock
18%
#0748 Gift Wasser Aggrostella
17%
#0752 Wasser Käfer Aranestro
17%
#0688 Gestein Wasser Bithora
17%
#0884 Stahl Drache Duraludon
17%
#1006 Fee Kampf Eisenkrieger
17%
#0981 Normal Psycho Farigiraf
17%
#0763 Pflanze Fruyal
17%
#0828 Unlicht Gaunux
17%
#0784 Drache Kampf Grandiras
17%
#0753 Pflanze Imantis
17%
#0775 Normal Koalelu
17%
#0822 Flug Kranoviz
17%
#0823 Flug Stahl Krarmor
17%
#0870 Kampf Legios
17%
#0910 Feuer Lokroko
17%
#0735 Normal Manguspektor
17%
#0794 Käfer Kampf Masskito
17%
#0783 Drache Kampf Mediras
17%
#0923 Elektro Kampf Pamomamo
17%
#0817 Wasser Phlegleon
17%
#0766 Kampf Quartermak
17%
#0849 Elektro Gift Riffex
17%
#0845 Flug Wasser Urgl
17%
#0803 Gift Venicro
17%
#0773 Normal Amigento
16%
#0793 Gestein Gift Anego
16%
#0770 Geist Boden Colossand
16%
#0907 Pflanze Feliospa
16%
#0999 Geist Gierspenst
16%
#0864 Geist Gorgasonn
16%
#0885 Drache Geist Grolldra
16%
#0926 Fee Hefel
16%
#0851 Feuer Käfer Infernopod
16%
#0756 Pflanze Fee Lamellux
16%
#0801 Stahl Fee Magearna
16%
#0908 Pflanze Unlicht Maskagato
16%
#0782 Drache Miniras
16%
#0839 Gestein Feuer Montecarbo
16%
#0861 Unlicht Fee Olangaar
16%
#0928 Pflanze Normal Olini
16%
#0922 Elektro Kampf Pamamo
16%
#0843 Boden Salanga
16%
#0844 Boden Sanaconda
16%
#0872 Eis Käfer Snomnom
16%
#0850 Feuer Käfer Thermopod
16%
#0848 Elektro Gift Toxel
16%
#0807 Elektro Zeraora
16%
#0927 Fee Backel
15%
#0914 Wasser Kampf Bailonda
15%
#0856 Psycho Brimova
15%
#0755 Pflanze Fee Bubungus
15%
#0764 Fee Curelei
15%
#0891 Kampf Dakuma
15%
#0899 Normal Psycho Damythir
15%
#0806 Feuer Geist Kopplosio
15%
#0875 Eis Kubuin
15%
#0754 Pflanze Mantidea
15%
#0802 Kampf Geist Marshadow
15%
#0886 Drache Geist Phandra
15%
#0858 Psycho Fee Silembrim
15%
#0911 Feuer Geist Skelokrok
15%
#0949 Boden Pflanze Tenterra
15%
#0689 Gestein Wasser Thanathora
15%
#0939 Elektro Wampitz
15%
#0804 Gift Drache Agoyon
14%
#0859 Unlicht Fee Bähmon
14%
#0829 Pflanze Cottini
14%
#0905 Fee Flug Cupidos
14%
#0964 Wasser Delfinator
14%
#0991 Eis Wasser Eisenbündel
14%
#0995 Gestein Elektro Eisendorn
14%
#0913 Wasser Fuentente
14%
#0971 Geist Gruff
14%
#0771 Wasser Gufa
14%
#0874 Gestein Humanolith
14%
#1019 Pflanze Drache Hydrapfel
14%
#0837 Gestein Klonkett
14%
#0920 Käfer Unlicht Lextremo
14%
#0774 Gestein Flug Meteno
14%
#0919 Käfer Micrick
14%
#0855 Geist Mortipot
14%
#0873 Eis Käfer Mottineva
14%
#0860 Unlicht Fee Pelzebub
14%
#0824 Käfer Sensect
14%
#0876 Psycho Normal Servol
14%
#1011 Pflanze Drache Sirapfel
14%
#0796 Elektro Voltriant
14%
#0986 Pflanze Unlicht Wutpilz
14%
#1004 Unlicht Feuer Yuyu
14%
#0893 Unlicht Pflanze Zarude
14%
#0962 Flug Unlicht Adebom
13%
#0937 Feuer Geist Azugladis
13%
#0857 Psycho Brimano
13%
#0871 Elektro Britzigel
13%
#0985 Fee Psycho Brüllschweif
13%
#0830 Pflanze Cottomi
13%
#1005 Drache Unlicht Donnersichel
13%
#0994 Feuer Gift Eisenfalter
13%
#0990 Boden Stahl Eisenrad
13%
#0916 Normal Fragrunz
13%
#0972 Geist Friedwuff
13%
#0983 Unlicht Stahl Gladimperio
13%
#0868 Fee Hokumil
13%
#0935 Feuer Knarbon
13%
#0966 Stahl Gift Knattatox
13%
#0904 Unlicht Gift Myriador
13%
#0929 Pflanze Normal Olivinio
13%
#0869 Fee Pokusan
13%
#0917 Käfer Tarundel
13%
#0948 Boden Pflanze Tentagra
13%
#0938 Elektro Blipp
12%
#0898 Psycho Pflanze Coronospa
12%
#0997 Drache Eis Cryospino
12%
#1010 Pflanze Psycho Eisenblatt
12%
#0993 Unlicht Flug Eisenhals
12%
#1023 Stahl Psycho Eisenhaupt
12%
#0998 Drache Eis Espinodon
12%
#0974 Eis Flaniwal
12%
#0987 Geist Fee Flatterhaar
12%
#0996 Drache Eis Frospino
12%
#0797 Stahl Flug Kaguron
12%
#0834 Wasser Gestein Kamalm
12%
#0833 Wasser Kamehaps
12%
#0853 Kampf Kaocto
12%
#0825 Käfer Psycho Keradar
12%
#0950 Gestein Klibbe
12%
#0852 Kampf Klopptopus
12%
#0965 Stahl Gift Knattox
12%
#0975 Eis Kolowal
12%
#0988 Käfer Kampf Kriechflügel
12%
#0826 Käfer Psycho Maritellit
12%
#1000 Stahl Geist Monetigo
12%
#1017 Pflanze Ogerpon
12%
#0930 Pflanze Normal Olithena
12%
#0897 Geist Phantoross
12%
#0902 Wasser Geist Salmagnis
12%
#0934 Gestein Saltigant
12%
#1024 Normal Terapagos
12%
#0941 Elektro Flug Voltrean
12%
#0940 Elektro Flug Voltrel
12%
#0847 Wasser Barrakiefa
11%
#0925 Normal Famieps
11%
#0932 Gestein Geosali
11%
#0977 Wasser Heerashai
11%
#1025 Gift Geist Infamomo
11%
#1020 Feuer Drache Keilflamme
11%
#0878 Stahl Kupfanti
11%
#0881 Elektro Eis Lecryodon
11%
#0880 Elektro Drache Lectragon
11%
#0967 Drache Normal Mopex
11%
#0978 Drache Wasser Nigiragi
11%
#0882 Wasser Drache Pescragon
11%
#0846 Wasser Pikuda
11%
#0896 Eis Polaross
11%
#0989 Elektro Boden Sandfell
11%
#0968 Stahl Schlurm
11%
#1009 Wasser Drache Windewoge
11%
#0892 Kampf Unlicht Wulaosu
11%
#1002 Unlicht Eis Baojian
10%
#1001 Unlicht Pflanze Chongjian
10%
#1003 Unlicht Boden Dinglu
10%
#0973 Flug Kampf Flaminkno
10%
#0957 Fee Stahl Forgita
10%
#1021 Elektro Drache Furienblitz
10%
#0952 Pflanze Feuer Halupenjo
10%
#0943 Unlicht Mastifioso
10%
#1012 Pflanze Geist Mortcha
10%
#0883 Wasser Eis Pescryodon
10%
#0953 Käfer Relluk
10%
#0984 Boden Kampf Riesenzahn
10%
#0933 Gestein Sedisal
10%
#0944 Gift Normal Sproxi
10%
#0958 Fee Stahl Tafforgita
10%
#0924 Normal Zwieps
10%
#0945 Gift Normal Affiti
9%
#0976 Wasser Psycho Agiluza
9%
#0936 Feuer Psycho Crimanzo
9%
#1022 Gestein Psycho Eisenfels
9%
#1013 Pflanze Geist Fatalitcha
9%
#0959 Fee Stahl Granforgita
9%
#0947 Pflanze Geist Horrerba
9%
#0931 Normal Flug Krawalloro
9%
#0970 Gestein Gift Lumiflora
9%
#0969 Gestein Gift Lumispross
9%
#0942 Unlicht Mobtiff
9%
#0963 Wasser Normifin
9%
#0879 Stahl Patinaraja
9%
#0956 Psycho Psiopatra
9%
#0918 Käfer Spinsidias
9%
#0946 Pflanze Geist Weherba
9%
#1016 Gift Fee Beatori
8%
#1015 Gift Psycho Benesaru
8%
#1014 Gift Kampf Boninu
8%
#1018 Stahl Drache Briduradon
8%
#0951 Pflanze Chilingel
8%
#0955 Psycho Flattutu
8%
#0954 Käfer Psycho Skarabaks
8%
Keine übereinstimmenden Quizze gefunden
Verteilung der Resultate
Anzahl Personen mit jedem Resultat
Perzentil nach korrekt beantworteten Fragen
Ihre Resultats-Entwicklung
Sie haben dieses Quiz seit der letzten Aktualisierung nicht gespielt